Les pays occupés par l'Allemagne durant la Seconde Guerre Mondiale - Statistiques

Statistiques générales
  • Ce quiz a été pris 49 fois
  • Le résultat moyen est 27 sur 31
Statistiques - réponses
Pays actuels occupés par l'Allemagne durant la Seconde Guerre Mondiale % Correct
France
100%
Belgique
98%
Pologne
98%
Autriche
92%
Danemark
92%
Russie
92%
Grèce
90%
Pays-Bas
90%
Bulgarie
88%
Hongrie
88%
Italie
88%
Luxembourg
88%
Serbie
88%
Slovaquie
88%
Ukraine
88%
Biélorussie
85%
Bosnie-Herzégovine
85%
Estonie
85%
Kosovo
85%
Lettonie
85%
Lituanie
85%
Norvège
85%
Roumanie
85%
Slovénie
85%
Croatie
83%
Finlande
83%
Albanie
81%
Tchéquie
81%
Macédoine du Nord
79%
Moldavie
77%
Monténégro
77%
Aucun quiz correspondant
Distribution des résultats
% des personnes avec chaque résultat
Percentile par nombre de réponses
Votre historique - résultats
Vous n’avez pas pris ce quiz